Statistics for What Was Good Enough For You - Bonnie & Clyde The Musical - Lyrics

Click here to take the quiz!

General Stats

  • This quiz has been taken 5 times
  • The average score is 182 of 239

Answer Stats

CharacterLyric% Correct
a
100%
and
100%
as
100%
be
100%
enough
100%
for
100%
good
100%
got
100%
had
100%
how
100%
Ma
100%
me
100%
much
100%
no
100%
not
100%
that
100%
ClydeThe
100%
the
100%
Then
100%
Bonnie & ClydeThere
100%
to
100%
was
100%
we
100%
We
100%
what
100%
Bonnie | ClydeWhat
100%
when
100%
Will
100%
will
100%
you
100%
you,
100%
your
100%
ain't
75%
always
75%
are
75%
Are
75%
ask
75%
barns
75%
before
75%
bleeds,
75%
body
75%
Buildin'
75%
crop
75%
dawn
75%
don't
75%
dreams
75%
fields
75%
flies,
75%
forgive
75%
fun
75%
get
75%
God
75%
Gotta
75%
gun
75%
has
75%
Hate
75%
here
75%
I
75%
i'm
75%
it
75%
James
75%
Jesse
75%
just
75%
Just
75%
live
75%
mind
75%
more
75%
More
75%
my
75%
One
75%
Pa
75%
Paintin'
75%
plantin'
75%
pottin'
75%
Prayin'
75%
rain,
75%
rain
75%
satisfy
75%
say
75%
seeds
75%
son
75%
stop
75%
swattin'
75%
That's
75%
there's
75%
This
75%
'Till
75%
Up
75%
us,
75%
way
75%
wayward
75%
wear
75%
west
75%
with
75%
without
75%
won
75%
around
50%
bakin'
50%
Bonnie
50%
Boring
50%
Bright
50%
bumpy
50%
chance
50%
Clyde
50%
day
50%
deserve
50%
diamonds
50%
diary
50%
drop
50%
each
50%
ear
50%
girl
50%
gonna
50%
hell,
50%
is
50%
it'll
50%
it's
50%
kid
50%
life
50%
little
50%
look
50%
lookin'
50%
Makin'
50%
miss
50%
mornin'
50%
nothin'
50%
notified
50%
oh
50%
pies
50%
plants
50%
punch
50%
ride
50%
romance
50%
should
50%
sorry
50%
star
50%
stud
50%
than
50%
Thanks
50%
tough
50%
wanna
50%
world
50%
Writin'
50%
all
25%
at
25%
Babe,
25%
Bible
25%
breadlines
25%
bring
25%
country's
25%
Depression
25%
'em,
25%
inherit
25%
meek
25%
poor
25%
BonnieTell
25%
thing
25%
tomorrow
25%
wrong
25%
Ploughin'
0%

Score Distribution

Percentile by Number Answered

Percent of People with Each Score

Your Score History

You have not taken this quiz